000 02323nam a2200457 a 4500
003 BLK
005 20250228141158.0
008 180410b bul|||||r ||||||| ||bul||
020 _a9789547831322
040 _aBLK
041 _aBUL
_cBUL
072 7 _2bullib
_aН15
_xПсихология Н
080 _aИндивидуална психология. Психология на личността. Индивидуалност. Психология на характера. Характерология. Психологическа типология
_b159.923
_x(02.062)
_z159.923(02.062)
080 _aИкономическа психология. Икономическо поведение. Физиологични и психологични елементи. Интереси. Икономически дух
_b330.16
_x(02.062)
_z330.16(02.062)
080 _aЕтика на бизнеса. Успех
_b174.4
_x(02.062)
_z174.4(02.062)
100 1 _aРагнър, Питър
_9113829
240 _aThe Awesome Science of Luck : Your Guide to Winning All the Time
245 1 0 _aНевероятната наука за късмета
_bКак да печелим постоянно
_cПитър Рагнър ; прев. Александра Павлова.
257 _aBGR
260 _aСофия
_bЛокус
_bIntense
_c2011
300 _a184 с.
_c20 см
380 _a1
500 _aОриг. загл. The Awesome Science of Luck : Your Guide to Winning All the Time / Peter Ragnar.
650 4 _aИкономическо поведение - популярна литература
_9263288
650 4 _aПсихология на личността
_9267089
650 4 _aУспех - психология
_9323719
653 _aпсихология на личността
653 _aсебепознание
653 _aкъсмет
653 _aбизнес поведение
659 _aН
700 _aПавлова, Александра Христова
_eпрев.
_9417254
852 _aЦб 269361
_bЦб
856 4 _qpdf
856 4 _qpdf
942 _cKNG
_n0
_015
944 _aED
_c11.05.2015
_k30537
_lГрета Цуфелде
999 _c155317
_d155317
999 _d155317
999 _d155317